000 00273nam a22001217a 4500
041 _aENG
100 _a65.060.50
245 _aPower Threshers- Safety Requirements
260 _aNew Delhi
_bBSI
_c2002
300 _a24
650 _aBIS-Test Code
856 _uBIS-Test Code
999 _c1980
_d1980